000 00315nam a22001217a 4500
008 160506b xxu||||| |||| 00| 0 eng d
020 _a9781405120593
020 _a1405120592
041 _aeng
080 _a61
245 _aTransient ischemic attacks:
_cSeemant Chaturvedi MD; Steven R. Levine MD;
942 _2udc
_cBK
999 _c1852
_d1852